Bienvenue à la Médiathèque de Saint-Andiol
banniere
Accueil Recherche avancée Mon compte
handi1 Rechercher dans le catalogue

Filtre   Mots-clés
  Recherche avancée
 
Lister les dernières nouveautés
 
Lister les livres GROS CARACTERES
 
Lister les périodiques (magazines)

handi1 Coeur cookie

Book Cover
Auteur principal : Véronique Grisseaux
Autres auteurs : Raymond Sébastien Cathy Cassidy
Autres auteurs : Drac Reiko
Titre : Coeur cookie
Support : Livres
Langue : Francais
Series : Les Filles au chocolat
Genre : Bande Dessinée (enfants)
Sujets :
Étiquettes :
Pas de tags
LEADER 01117nam0a2200241 450
001 16868140
010 |a 978-2-8222-2130-6  |b cart.  |d 11,95 € 
100 |a 20170519d2022 u u0frey01 ba 
101 0 |a fre 
102 |a FR 
200 0 |a Coeur cookie  |f d'après le roman de Cathy Cassidy  |g adaptation BD Véronique Grisseaux - couleurs Drac et Reiko - création du design des personnages Raymond Sébastien 
207 1 |a   
215 |a 1 vol. (48 p.)  |c illustrations en couleur  |d 31 x 23 cm 
330 |a Jake vient de découvrir qu'il a quatre demi-soeurs cachées : Honey, Summer, Skye et Coco. Il voit son quotidien avec sa mère à Londres tourner au cauchemar et n'a nulle part où se réfugier. Sauf peut-être chez ses demi-soeurs. 
461 0 |t Les Filles au chocolat  |v 06 
700 0 |a Grisseaux  |b Véronique  |f 1959-....  |4 70 
701 0 |a Sébastien  |b Raymond  |4 440 
701 0 |a Cassidy  |b Cathy  |4 100 
702 0 |a Drac  |4 410 
702 0 |a Reiko  |4 410 
900 |a Bande Dessinée (enfants) 
901 |a Jeunesse 
995 |a Médiathèque  |c Médiathèque  |f 00156009390923  |h 00156009390923  |k BD FIL  |o p  |q j  |r az  |e Médiathèque